An Introduction to fluid dynamics. (Record no. 2573)

MARC details
000 -LEADER
fixed length control field 00797cam a22002532 4500
001 - CONTROL NUMBER
control field 0000004256
005 - DATE AND TIME OF LATEST TRANSACTION
control field 20151217145801.0
008 - FIXED-LENGTH DATA ELEMENTS--GENERAL INFORMATION
fixed length control field 070521s xx 000 0 eng d
020 ## - INTERNATIONAL STANDARD BOOK NUMBER
International Standard Book Number 0521663962 :
Terms of availability GBP 25.99
020 ## - INTERNATIONAL STANDARD BOOK NUMBER
International Standard Book Number 8185618240
040 ## - CATALOGING SOURCE
Original cataloging agency KABU
Transcribing agency KABU
050 #0 - LIBRARY OF CONGRESS CALL NUMBER
Classification number QA911
Item number .B38 2000
100 1# - MAIN ENTRY--PERSONAL NAME
Personal name Batchelor, G. K.
-- 0000154728
245 13 - TITLE STATEMENT
Title An Introduction to fluid dynamics.
260 ## - PUBLICATION, DISTRIBUTION, ETC. (IMPRINT)
Place of publication, distribution, etc. Cambridge :
Name of publisher, distributor, etc. CUP,
Date of publication, distribution, etc. 2000.
300 ## - PHYSICAL DESCRIPTION
Extent xviii, 615 p.
650 #0 - SUBJECT ADDED ENTRY--TOPICAL TERM
Topical term or geographic name as entry element Fluid dynamics.
-- 0000154729
852 1# - LOCATION
-- p4420 KES
852 1# - LOCATION
-- p1817 KES
908 ## - PUT COMMAND PARAMETER (RLIN)
Put command parameter 070521
950 ## - LOCAL HOLDINGS (RLIN)
-- 1
Holdings
Withdrawn status Lost status Source of classification or shelving scheme Not for loan Home library Current library Date acquired Total Checkouts Full call number Barcode Date last seen Price effective from Koha item type
    Library of Congress Classification   Kabarak, Main Campus Kabarak, Main Campus 17/12/2015   QA911 .B38 2000 c. 1 009634 17/12/2015 17/12/2015 General Collection
    Library of Congress Classification   Kabarak, Main Campus Kabarak, Main Campus 17/12/2015   QA911 .B38 2000 c. 2 009635 17/12/2015 17/12/2015 General Collection
    Library of Congress Classification   Kabarak, Main Campus Kabarak, Main Campus 17/12/2015   QA911 .B38 2000 c. 3 23747 17/12/2015 17/12/2015 General Collection
    Library of Congress Classification   Kabarak, Main Campus Kabarak, Main Campus 17/12/2015   QA911 .B38 2000 c. 4 21783 17/12/2015 17/12/2015 General Collection
Designed with assistance from East African Informatics Ltd